000 00376 a2200109 4500
001 ART_18658
005 20260410161703.0
008 260409a
245 1 0 _aA proposito de la limitación a la modificación del domicilio fiscal por medio del sistema registral
100 1 _aFerraro, Ricardo H.
773 0 _tRevista Impuestos
_g- Nº 2 (feb. 2011)
_wREV639
999 _c15348
_d15348